Michael Clifford - enough - All lyrics - Statistics

General Stats
  • This quiz has been taken 13 times
  • The average score is 242 of 308
Answer Stats
Answer % Correct
a
100%
be
100%
enough?
100%
hear
100%
I
100%
is
100%
it
100%
just
100%
my
100%
My
100%
no
100%
so
100%
the
100%
to
100%
With
100%
with
100%
You
100%
you,
100%
you
100%
3
89%
a.m.,
89%
Am
89%
And
89%
and
89%
At
89%
ever
89%
fuck
89%
gonna
89%
head
89%
heart
89%
in
89%
it's
89%
I've
89%
me
89%
myself
89%
someone
89%
That
89%
that
89%
all
78%
All
78%
can
78%
could
78%
else,
78%
hate
78%
More
78%
never
78%
numb,
78%
of
78%
see
78%
something,
78%
something
78%
than
78%
time
78%
bout
67%
done
67%
done,
67%
every
67%
for
67%
For
67%
How
67%
like
67%
mind?
67%
said
67%
try
67%
voice
67%
who
67%
won
67%
you've
67%
again
56%
awake
56%
blame
56%
called
56%
damage
56%
down
56%
feel
56%
friend
56%
friends
56%
guess
56%
gun?
56%
inside
56%
late
56%
letting
56%
life?
56%
much
56%
rest
56%
Thinking
56%
too
56%
Yeah,
56%
blood
44%
change
44%
cutting
44%
don't
44%
each
44%
fence,
44%
jumped
44%
loaded
44%
needs
44%
single
44%
that's
44%
Will
44%
word
44%
Cause
33%
chest
33%
Even
33%
everything
33%
knife
33%
lose
33%
Maybe
33%
now
33%
probably
33%
smallest
33%
this
33%
used
33%
get
22%
right
22%
trust
22%
Says
11%
still
11%
cuts
0%
No matching quizzes found
Score Distribution
Percent of People with Each Score
Percentile by Number Answered
Your Score History
You have not taken this quiz